000 00276nam a2200109Ia 4500
008 220216s9999 xx 000 0 und d
100 _aElizabeth K I
245 0 _aSanghangalkkum thudangam rubber band nirmanam
260 _bRubber
_c2012
300 _a10-11,13,15
942 _cBS
999 _c52007
_d52007